| 000 | 01071cab a2200265 4500 | ||
|---|---|---|---|
| 001 | WB2810-25 | ||
| 008 | 090401t1992 xxu||||| |||| 00| 0 eng d | ||
| 035 | _a(Sirsi) u49722 | ||
| 041 | _aeng | ||
| 100 | _aBarry, Paul | ||
| 245 | _aConstruction costs | ||
| 260 | _c1992 | ||
| 350 | _a0 | ||
| 490 |
_aSingle Market News _v(14) Spring 1992, 30(1) |
||
| 520 | _aMaintaining effective cost control on construction projects crossing EC boundaries, harmonisation, a concordance document devised by the European Community Construction Economics European Committee (CEEC) for assisting capital development across national boundaries and the idea of a Pan-European cost databank are amongst the features in this discussion on construction costs within the European Community. | ||
| 650 | _aBUILT ENVIRONMENT-BUILDING COSTS | ||
| 650 | _aCROSS-BOUNDARY | ||
| 650 | _aEUROPEAN COMMUNITY | ||
| 650 | _aEUROPEAN COST DATABANK | ||
| 650 | _aHARMONISATION | ||
| 650 | _aPAN-EUROPEAN MOVEMENT | ||
| 690 | _aEUROPE-SINGLE MARKET | ||
| 942 | _n0 | ||
| 948 | _c04/03/1997 | ||
| 999 |
_c31132 _d31132 |
||